Proverbs - Isaiah 39 / (Record no. 3703)

MARC details
000 -LEADER
fixed length control field 00527nam a2200193Ia 4500
003 - CONTROL NUMBER IDENTIFIER
control field GBCCL
005 - DATE AND TIME OF LATEST TRANSACTION
control field 20241126110501.0
008 - FIXED-LENGTH DATA ELEMENTS--GENERAL INFORMATION
fixed length control field 171205b xxu||||| |||| 00| 0 eng d
020 ## - INTERNATIONAL STANDARD BOOK NUMBER
International Standard Book Number 0862011159
040 ## - CATALOGING SOURCE
Transcribing agency gbc
082 ## - DEWEY DECIMAL CLASSIFICATION NUMBER
Classification number 220.7
Item number BIB
100 ## - MAIN ENTRY--PERSONAL NAME
Personal name Wright, Chris
9 (RLIN) 7333
245 ## - TITLE STATEMENT
Title Proverbs - Isaiah 39 /
Statement of responsibility, etc. Chris Wright
260 ## - PUBLICATION, DISTRIBUTION, ETC.
Name of publisher, distributor, etc. Scripture Union,
Place of publication, distribution, etc. London:
Date of publication, distribution, etc. 1983
300 ## - PHYSICAL DESCRIPTION
Extent 120p.;
Dimensions 21 cm.
440 ## - SERIES STATEMENT/ADDED ENTRY--TITLE
Title Bible Study Commentary
9 (RLIN) 7334
650 ## - SUBJECT ADDED ENTRY--TOPICAL TERM
Topical term or geographic name entry element Bible
Form subdivision Proverbs, Isaiah
General subdivision commentaries
9 (RLIN) 9310
942 ## - ADDED ENTRY ELEMENTS (KOHA)
Source of classification or shelving scheme Dewey Decimal Classification
Koha item type Books
Koha issues (borrowed), all copies 3
Holdings
Withdrawn status Lost status Source of classification or shelving scheme Damaged status Not for loan Home library Current Library Shelving location Date acquired Total checkouts Full call number Barcode Date last seen Date last checked out Copy number Price effective from Koha item type
    Dewey Decimal Classification     GRACE BIBLE COLLEGE GRACE BIBLE COLLEGE Biblical Studies 2017-12-05 3 220.7 BIB 001549 2025-05-01 2020-02-13 c.1 2017-12-05 Books
© Grace Bible College Library 2025